[Event "Lasker A 2018"]
[Site "?"]
[Date "2018.07.05"]
[Round "1.1"]
[White "Heberla, Bartlomiej"]
[Black "Maetzkow, Maximilian Paul"]
[Result "1/2-1/2"]
[WhiteElo "2563"]
[BlackElo "2203"]
[PlyCount "111"]
[EventDate "2018.??.??"]
[WhiteClock "0:42:16"]
[BlackClock "0:02:24"]

1. d4 Nf6 2. c4 e6 3. Nf3 b6 4. a3 d5 5. cxd5 exd5 6. Bf4 Bd6 7. Ne5 O-O 8. e3
c5 9. Nc3 Ba6 10. Bg5 cxd4 11. Qxd4 Bxf1 12. Kxf1 Bxe5 13. Qxe5 Nc6 14. Qf5 Ne7
15. Qf3 Ne4 16. Nxe4 dxe4 17. Qxe4 f6 18. Bf4 Ng6 19. h4 Nxf4 20. Qxf4 Rc8 21.
Qb4 Qd3+ 22. Kg1 Rc4 23. Qe7 Rfc8 24. Rh3 R4c7 25. Qe6+ Kh8 26. Rg3 Qc4 27. Qg4
Qxg4 28. Rxg4 Rc2 29. b4 Rd8 30. a4 Rdd2 31. Rf4 h5 32. a5 Kh7 33. axb6 axb6
34. Ra7 Kh6 35. Rb7 Rc6 36. Kh2 Rb2 37. Kg3 g5 38. Rd4 Kg6 39. Rb8 Rcc2 40.
hxg5 Rxf2 41. gxf6 Rxg2+ 42. Kf3 Rgf2+ 43. Ke4 Rxf6 44. Kd5 Rf5+ 45. Kc6 Rf6+
46. Kb5 Re2 47. Re4 Kf5 48. Rf4+ Kg5 49. Rg8+ Rg6 50. Rxg6+ Kxg6 51. Kxb6 Rxe3
52. b5 Rb3 53. Kc5 Kg5 54. Rb4 Rxb4 55. Kxb4 h4 56. b6 1/2-1/2

[Event "Lasker A 2018"]
[Site "?"]
[Date "2018.07.05"]
[Round "1.2"]
[White "Tiarks, Jann-christian"]
[Black "Bilguun, Sumiya"]
[Result "1/2-1/2"]
[WhiteElo "2179"]
[BlackElo "2490"]
[PlyCount "58"]
[EventDate "2018.??.??"]
[WhiteClock "0:19:11"]
[BlackClock "0:34:20"]

1. e4 c5 2. c3 d5 3. exd5 Qxd5 4. d4 Nc6 5. Nf3 Nf6 6. Be2 cxd4 7. cxd4 e6 8.
O-O Be7 9. Nc3 Qd6 10. Nb5 Qd8 11. Ne5 Bd7 12. Bf4 O-O 13. Nc3 Be8 14. Be3 Qc7
15. Nc4 Nb4 16. Rc1 Nbd5 17. Qb3 Rd8 18. Nxd5 Nxd5 19. Bf3 Bf6 20. Rfd1 Bc6 21.
Ne5 Bxe5 22. dxe5 Nxe3 23. Qxe3 Bxf3 24. Qxf3 Rxd1+ 25. Rxd1 Rc8 26. g3 h6 27.
Qe4 b6 28. Kg2 g6 29. Rd2 Kg7 1/2-1/2

[Event "Lasker A 2018"]
[Site "?"]
[Date "2018.07.05"]
[Round "1.4"]
[White "Chyzy, Jakub"]
[Black "Janik, Igor"]
[Result "1/2-1/2"]
[WhiteElo "2100"]
[BlackElo "2420"]
[PlyCount "104"]
[EventDate "2018.??.??"]
[WhiteClock "0:07:11"]
[BlackClock "0:00:41"]

1. e4 c6 2. d4 d5 3. e5 Bf5 4. Nf3 e6 5. a3 Nd7 6. Be2 Ne7 7. O-O h6 8. Nbd2 g5
9. b4 Bg6 10. c4 Nf5 11. Bb2 a6 12. c5 g4 13. Ne1 h5 14. a4 Bh6 15. Nb3 g3 16.
hxg3 h4 17. g4 Ng3 18. Ra3 Nxf1 19. Bxf1 b6 20. Bc1 Bf8 21. a5 b5 22. f4 Qe7
23. Na1 f6 24. f5 exf5 25. e6 Nb8 26. Qc2 Qh7 27. Bd3 h3 28. Bxf5 Bxf5 29. Qxf5
hxg2 30. Qxh7 Rxh7 31. Nxg2 Rg7 32. Rg3 Rg8 33. Bf4 Ke7 34. Re3 Rxg4 35. Bd6+
Ke8 36. Rh3 Bg7 37. Rh7 Nd7 38. exd7+ Kxd7 39. Kf2 Rh8 40. Rxh8 Bxh8 41. Nc2 f5
42. Bf4 Ke6 43. Kf3 Bf6 44. Be3 Rg8 45. Nce1 Rh8 46. Kg3 Rh1 47. Kf2 f4 48.
Nxf4+ Kf5 49. Nf3 Ke4 50. Nd2+ Kf5 51. Nd3 Ra1 52. Ke2 Ra3 1/2-1/2

[Event "Lasker A 2018"]
[Site "?"]
[Date "2018.07.05"]
[Round "1.5"]
[White "Lagunow, Raphael"]
[Black "Lukasiewicz, Anna"]
[Result "1-0"]
[WhiteElo "2411"]
[BlackElo "2086"]
[PlyCount "93"]
[EventDate "2018.??.??"]
[WhiteClock "0:01:20"]
[BlackClock "0:02:26"]

1. Nf3 d5 2. g3 Nf6 3. Bg2 c6 4. O-O Bf5 5. d3 h6 6. b3 e6 7. Bb2 Be7 8. Nbd2
O-O 9. Ne5 Qb6 10. e4 Bh7 11. Qe2 a5 12. a4 Na6 13. Ng4 Qd8 14. Nxf6+ Bxf6 15.
e5 Be7 16. h4 Nb4 17. Nf3 c5 18. h5 Rc8 19. Ne1 Qb6 20. Rb1 c4 21. bxc4 dxc4
22. dxc4 Qc7 23. Ba3 b6 24. Rb3 Rfe8 25. Rc3 Na6 26. Bxe7 Rxe7 27. Nd3 Nb4 28.
Nb2 Rd7 29. c5 bxc5 30. Nc4 Nc6 31. Bxc6 Qxc6 32. Ra1 Rb8 33. Nxa5 Qc7 34. Nc4
Rd4 35. Nd6 Qc6 36. Rb3 Rf8 37. Qf3 Qxf3 38. Rxf3 Bxc2 39. a5 Ba4 40. Rc3 Bc6
41. Rxc5 Bd5 42. Nb5 Rd2 43. a6 f6 44. Nc7 fxe5 45. Nxd5 exd5 46. a7 Ra8 47.
Rb5 1-0

[Event "Lasker A 2018"]
[Site "?"]
[Date "2018.07.05"]
[Round "1.6"]
[White "Bartnicki, Pawel"]
[Black "Teclaf, Pawel"]
[Result "1-0"]
[WhiteElo "2085"]
[BlackElo "2399"]
[PlyCount "77"]
[EventDate "2018.??.??"]
[WhiteClock "0:01:45"]
[BlackClock "0:02:29"]

1. d4 Nf6 2. c4 g6 3. Nc3 d5 4. cxd5 Nxd5 5. e4 Nxc3 6. bxc3 Bg7 7. Bc4 c5 8.
Ne2 Nc6 9. Be3 O-O 10. O-O Qc7 11. Rc1 Rd8 12. Qd2 b6 13. Qb2 Na5 14. Bd3 Bb7
15. Rfd1 Rac8 16. d5 e6 17. Bg5 Rd7 18. Bb5 Rd6 19. Bf4 e5 20. Bg5 f5 21. f3
Rf8 22. c4 f4 23. Bh4 Bc8 24. Be1 g5 25. Bxa5 bxa5 26. Nc3 g4 27. Na4 Qe7 28.
Qf2 Qg5 29. fxg4 Bxg4 30. Nxc5 Qh5 31. Rd3 Rh6 32. h3 f3 33. Bd7 Qg5 34. Qe3
f2+ 35. Kf1 Rxh3 36. gxh3 Bxh3+ 37. Bxh3 Qg1+ 38. Ke2 Qh2 39. Rf1 1-0

[Event "Lasker A 2018"]
[Site "?"]
[Date "2018.07.05"]
[Round "1.7"]
[White "Chojnacki, Krzysztof"]
[Black "Pettersson, Alexander"]
[Result "1-0"]
[WhiteElo "2385"]
[BlackElo "2060"]
[PlyCount "101"]
[EventDate "2018.??.??"]
[WhiteClock "0:00:32"]
[BlackClock "0:16:46"]

1. d4 d5 2. c4 e6 3. Nc3 Nf6 4. cxd5 exd5 5. Bg5 Be7 6. e3 O-O 7. Bd3 Nbd7 8.
Nf3 Re8 9. O-O c6 10. Qc2 Nf8 11. h3 g6 12. Rab1 Ne6 13. Bh4 Ng7 14. b4 a6 15.
a4 Bf5 16. Bxf5 Nxf5 17. Bxf6 Bxf6 18. b5 Nd6 19. bxc6 bxc6 20. Nd2 Qa5 21.
Rfc1 Rec8 22. Nb3 Qd8 23. Qd3 Nc4 24. Ne4 Be7 25. Ned2 Nxd2 26. Qxd2 Rab8 27.
Qd3 Rb6 28. Nc5 Bxc5 29. dxc5 Rxb1 30. Rxb1 Qa5 31. Qd4 Re8 32. g3 Qc7 33. Rb6
Re4 34. Qb2 d4 35. exd4 Re8 36. Rb7 Qc8 37. Qb3 Qf5 38. Rb8 Rf8 39. Rxf8+ Kxf8
40. Qb8+ Kg7 41. Qd6 Qe4 42. d5 Qe1+ 43. Kg2 Qe4+ 44. Kh2 Qe2 45. Qf4 cxd5 46.
c6 Qc2 47. c7 f6 48. Kg2 Kf7 49. Qd6 Qe4+ 50. Kh2 Qf3 51. Qd7+ 1-0

[Event "Lasker A 2018"]
[Site "?"]
[Date "2018.07.05"]
[Round "1.8"]
[White "Fantino, Rene"]
[Black "Aliavdin, Nikolai"]
[Result "0-1"]
[WhiteElo "2018"]
[BlackElo "2338"]
[PlyCount "76"]
[EventDate "2018.??.??"]
[WhiteClock "0:12:36"]
[BlackClock "0:18:15"]

1. Nf3 d5 2. c4 e6 3. g3 Nf6 4. Bg2 Be7 5. O-O O-O 6. cxd5 exd5 7. d4 c6 8. Nc3
Bf5 9. Nh4 Be6 10. f4 Ne8 11. Nf3 Nd6 12. Ne5 f6 13. Nd3 Nd7 14. Na4 Bf5 15.
Nf2 Re8 16. g4 Bg6 17. f5 Bf7 18. Bf4 Bf8 19. b3 Nb5 20. Qd3 Nb6 21. Nc5 Bxc5
22. dxc5 Nd7 23. b4 Ne5 24. Bxe5 Rxe5 25. a4 Nc7 26. Rab1 Qe7 27. Bf3 a5 28. b5
cxb5 29. axb5 Qxc5 30. b6 Ne8 31. Rfc1 Qd6 32. Qd4 a4 33. Nd3 Re7 34. Nb4 Ra5
35. Nc6 bxc6 36. b7 Rb5 37. Rxb5 cxb5 38. Qa7 Qd7 0-1

[Event "Lasker A 2018"]
[Site "?"]
[Date "2018.07.02"]
[Round "1.9"]
[White "Goluch, Piotr"]
[Black "Sliwerski, Radoslaw"]
[Result "1-0"]
[WhiteElo "2332"]
[BlackElo "2011"]
[PlyCount "73"]
[EventDate "2018.??.??"]
[WhiteClock "0:19:02"]
[BlackClock "0:46:05"]

1. Nf3 d5 2. d4 Nf6 3. c4 e6 4. e3 Bb4+ 5. Bd2 Bxd2+ 6. Qxd2 Ne4 7. Qc2 c5 8.
cxd5 Qa5+ 9. Nbd2 exd5 10. dxc5 Nc6 11. a3 Bf5 12. Qc1 Qxc5 13. Nxe4 Qxc1+ 14.
Rxc1 Bxe4 15. Bb5 Bxf3 16. gxf3 Kd7 17. Ke2 Kd6 18. Rhd1 Rac8 19. Ba4 Rhe8 20.
f4 Re6 21. Kf3 Ne7 22. Rxc8 Nxc8 23. Bb3 Ne7 24. Bxd5 Nxd5 25. e4 g6 26. Rxd5+
Ke7 27. Re5 Rxe5 28. fxe5 Ke6 29. Kf4 h6 30. h4 h5 31. a4 b6 32. b4 a6 33. f3
b5 34. a5 Kd7 35. Kg5 Ke7 36. f4 Ke6 37. Kh6 {Kxe5} 1-0

[Event "Lasker A 2018"]
[Site "?"]
[Date "2018.07.02"]
[Round "1.10"]
[White "Woithe, Daniel"]
[Black "Kucza, Karol"]
[Result "0-1"]
[WhiteElo "1882"]
[BlackElo "2308"]
[PlyCount "72"]
[EventDate "2018.??.??"]
[WhiteClock "0:28:07"]
[BlackClock "0:14:23"]

1. e4 e5 2. Nf3 Nc6 3. Bb5 a6 4. Ba4 Nf6 5. O-O Nxe4 6. d4 b5 7. Bb3 d5 8. dxe5
Be6 9. Be3 Be7 10. c3 O-O 11. Nbd2 Nxd2 12. Qxd2 Na5 13. Nd4 Bc8 14. Bc2 c5 15.
Nf5 Bxf5 16. Bxf5 Nc4 17. Qe2 Nxe5 18. Bxc5 Bxc5 19. Qxe5 Re8 20. Qf4 Qf6 21.
Qf3 Rad8 22. Rad1 Qe5 23. Bd3 Rd6 24. Rd2 Qg5 25. Re2 Rxe2 26. Qxe2 Re6 27. Qd1
g6 28. Re1 Qf4 29. Re2 Rxe2 30. Qxe2 Qc1+ 31. Qf1 Qxb2 32. Qe1 Qxa2 33. h4 d4
34. h5 dxc3 35. hxg6 hxg6 36. Qe8+ Kh7 0-1

[Event "Lasker A 2018"]
[Site "?"]
[Date "2018.07.02"]
[Round "1.11"]
[White "Florstedt, Johannes"]
[Black "Matthes, Aaron"]
[Result "1-0"]
[WhiteElo "2276"]
[BlackElo "1791"]
[PlyCount "53"]
[EventDate "2018.??.??"]
[WhiteClock "0:35:04"]
[BlackClock "0:54:36"]

1. c4 e6 2. g3 d5 3. Bg2 Nf6 4. Nf3 Be7 5. O-O O-O 6. b3 c5 7. cxd5 exd5 8. d4
cxd4 9. Nxd4 Nc6 10. Bb2 Re8 11. Nc3 Bc5 12. Nxc6 bxc6 13. Rc1 Ba6 14. Bf3 Rc8
15. Na4 Bf8 16. Nc5 Bxc5 17. Rxc5 Ne4 18. Qd4 f6 19. Rc2 c5 20. Qa4 Qb6 21. Rd1
Bb5 22. Qa3 d4 23. b4 f5 24. bxc5 Qc6 25. Rxd4 a6 26. Qb4 Ba4 27. Qxa4 1-0

[Event "Lasker A 2018"]
[Site "?"]
[Date "2018.07.02"]
[Round "1.12"]
[White "Matthes, Benjamin"]
[Black "Lukasiewicz, Krzysztof"]
[Result "0-1"]
[WhiteElo "1750"]
[BlackElo "2247"]
[PlyCount "46"]
[EventDate "2018.??.??"]
[WhiteClock "1:07:15"]
[BlackClock "0:08:55"]

1. e4 e5 2. Nf3 Nc6 3. d4 exd4 4. Nxd4 Nf6 5. Nxc6 bxc6 6. Bd3 d5 7. exd5 cxd5
8. O-O Be7 9. b3 O-O 10. Bb2 c5 11. Nd2 Bb7 12. c4 d4 13. Re1 Bd6 14. Ne4 Nxe4
15. Bxe4 Bxh2+ 16. Kxh2 Qh4+ 17. Kg1 Bxe4 18. b4 Rab8 19. Qe2 Bc6 20. bxc5 d3
21. Qe5 Qg4 22. g3 Rxb2 23. Qxb2 Qf3 0-1

[Event "Lasker A 2018"]
[Site "?"]
[Date "2018.07.02"]
[Round "1.13"]
[White "Sanz, Wawer Daniel"]
[Black "Strassburg, Robin Leonard"]
[Result "1-0"]
[WhiteElo "2233"]
[BlackElo "1726"]
[PlyCount "37"]
[EventDate "2018.??.??"]
[WhiteClock "0:41:39"]
[BlackClock "0:09:25"]

1. e4 d5 2. exd5 Qxd5 3. Nc3 Qa5 4. d4 c6 5. Nf3 Nf6 6. Bc4 Bf5 7. O-O e6 8.
Ne5 Be7 9. Qe2 h6 10. Re1 Qd8 11. g4 Bh7 12. Nxf7 Kxf7 13. Qxe6+ Ke8 14. Qf7+
Kd7 15. Be6+ Kc7 16. Bf4+ Kb6 17. Na4+ Ka5 18. Nc5 Kb6 19. Re3 1-0

[Event "Lasker A 2018"]
[Site "?"]
[Date "2018.07.05"]
[Round "2.1"]
[White "Koziak, Vitali"]
[Black "Florstedt, Johannes"]
[Result "1-0"]
[WhiteElo "2473"]
[BlackElo "2276"]
[PlyCount "105"]
[EventDate "2018.??.??"]
[WhiteClock "0:02:21"]
[BlackClock "0:00:44"]

1. Nf3 Nf6 2. c4 g6 3. Nc3 d5 4. d4 Bg7 5. cxd5 Nxd5 6. e4 Nxc3 7. bxc3 c5 8.
Be3 Qa5 9. Qd2 Nc6 10. Rc1 cxd4 11. cxd4 Qxd2+ 12. Kxd2 O-O 13. d5 Rd8 14. Kc2
Na5 15. Bf4 b6 16. Bc7 Rf8 17. Bb5 Bb7 18. Bd7 e6 19. Rcd1 Kh8 20. Rhe1 Ba6 21.
d6 Nb7 22. e5 Nc5 23. Bc6 Rac8 24. Nd4 f6 25. Nb3 Nb7 26. Bd7 Ra8 27. f4 fxe5
28. fxe5 Rf5 29. Bc6 Bxe5 30. Rxe5 Rxe5 31. d7 Re2+ 32. Kb1 Kg7 33. d8=Q Rxd8
34. Bxd8 Nxd8 35. Rxd8 e5 36. Nd2 Kh6 37. Bf3 Re1+ 38. Kc2 Ra1 39. Kb2 Rh1 40.
Rd7 Rxh2 41. Kc3 Kg5 42. Rxa7 Bc8 43. Nc4 Kf4 44. Nxb6 Bf5 45. Nd5+ Kg3 46. Nf6
Rh4 47. Re7 Ra4 48. Kb3 Ra6 49. Ne4+ Kf4 50. Nc5 Rb6+ 51. Kc4 g5 52. Rf7 Rb1
53. Nd3+ 1-0

[Event "Lasker A 2018"]
[Site "?"]
[Date "2018.07.05"]
[Round "2.2"]
[White "Kucza, Karol"]
[Black "Lagunow, Raphael"]
[Result "0-1"]
[WhiteElo "2308"]
[BlackElo "2411"]
[PlyCount "60"]
[EventDate "2018.??.??"]
[WhiteClock "0:25:39"]
[BlackClock "0:25:02"]

1. e4 c5 2. Nf3 Nc6 3. d4 cxd4 4. Nxd4 Nf6 5. Nc3 e5 6. Ndb5 d6 7. Bg5 a6 8.
Na3 b5 9. Bxf6 gxf6 10. Nd5 f5 11. Bd3 Be6 12. O-O Bxd5 13. exd5 Ne7 14. c3 Bg7
15. Qh5 e4 16. Bc2 O-O 17. Rae1 Rc8 18. Kh1 b4 19. cxb4 Bxb2 20. Re3 Rc3 21.
Rxc3 Bxc3 22. Nc4 Qc7 23. Ne3 Bd2 24. Qg5+ Ng6 25. Bb1 f4 26. Ng4 f5 27. Nh6+
Kh8 28. Rd1 Qc4 29. h4 Qe2 30. Rg1 f3 0-1

[Event "Lasker A 2018"]
[Site "?"]
[Date "2018.07.05"]
[Round "2.3"]
[White "Lukasiewicz, Krzysztof"]
[Black "Chojnacki, Krzysztof"]
[Result "1-0"]
[WhiteElo "2247"]
[BlackElo "2385"]
[PlyCount "63"]
[EventDate "2018.??.??"]
[WhiteClock "0:26:03"]
[BlackClock "0:42:17"]

1. e4 e6 2. d4 d5 3. Nd2 Nf6 4. e5 Nfd7 5. Bd3 c5 6. c3 Nc6 7. Ne2 cxd4 8. cxd4
f6 9. exf6 Nxf6 10. O-O Bd6 11. Nf3 O-O 12. Be3 Ng4 13. Bg5 Bxh2+ 14. Kh1 Qc7
15. Nc3 Bf4 16. g3 Bxg5 17. Bxh7+ Kxh7 18. Nxg5+ Kg8 19. Qxg4 Rf6 20. Kg2 Qe7
21. Rh1 e5 22. Qh5 Rh6 23. Nxd5 Qf8 24. Qe2 exd4 25. Qc4 Kh8 26. Nf4 Bf5 27.
Nf7+ Kh7 28. Qd5 Ne7 29. Ng5+ Kh8 30. Qxd4 Ng8 31. Rxh6+ Nxh6 32. Rh1 1-0

[Event "Lasker A 2018"]
[Site "?"]
[Date "2018.07.05"]
[Round "2.4"]
[White "Aliavdin, Nikolai"]
[Black "Sanz, Wawer Daniel"]
[Result "1/2-1/2"]
[WhiteElo "2338"]
[BlackElo "2233"]
[PlyCount "104"]
[EventDate "2018.??.??"]
[WhiteClock "0:00:54"]
[BlackClock "0:15:04"]

1. d4 d5 2. Bf4 Nf6 3. e3 e6 4. Bd3 Be7 5. Nd2 O-O 6. Ngf3 b6 7. Ne5 Bb7 8. Qf3
Nbd7 9. h4 Nxe5 10. dxe5 Nd7 11. Qh5 f5 12. exf6 Nxf6 13. Qe5 Qd6 14. Qc3 Qc5
15. Qxc5 bxc5 16. Bxc7 Ng4 17. Nf3 e5 18. Nxe5 Nxf2 19. O-O Nxd3 20. cxd3 Rfc8
21. Ba5 Bxh4 22. Rf7 Ba6 23. Rd7 Bf6 24. Rxd5 Bb7 25. Rd7 Bxg2 26. Kxg2 Bxe5
27. Bc3 Re8 28. Rf1 Bxc3 29. bxc3 Rxe3 30. Rff7 Rxd3 31. Rxg7+ Kf8 32. Rdf7+
Ke8 33. Rb7 Kf8 34. Rxh7 Kg8 35. Rbg7+ Kf8 36. Rd7 Rxd7 37. Rxd7 a5 38. Rc7 Rb8
39. a4 Rb2+ 40. Kf3 Ra2 41. Ke4 Rxa4+ 42. Kd5 Rh4 43. Kxc5 Ke8 44. Ra7 Rh3 45.
c4 Kd8 46. Kb5 Rb3+ 47. Kc6 Ra3 48. c5 Ra1 49. Rd7+ Kc8 50. Rh7 Kd8 51. Rh8+
Ke7 52. Kb5 a4 1/2-1/2

[Event "Lasker A 2018"]
[Site "?"]
[Date "2018.07.05"]
[Round "2.5"]
[White "Bartnicki, Pawel"]
[Black "Goluch, Piotr"]
[Result "1/2-1/2"]
[WhiteElo "2085"]
[BlackElo "2332"]
[PlyCount "88"]
[EventDate "2018.??.??"]
[WhiteClock "0:28:02"]
[BlackClock "0:03:15"]

1. e4 c6 2. Nf3 d5 3. Nc3 g6 4. exd5 cxd5 5. Bb5+ Bd7 6. Qe2 Nf6 7. Ne5 Bg7 8.
Nxd7 Nbxd7 9. d4 O-O 10. O-O e6 11. Be3 Rc8 12. Rfd1 Nb6 13. Rab1 Nc4 14. Bxc4
Rxc4 15. Nb5 Qd7 16. b3 Rc6 17. c4 a6 18. Nc3 dxc4 19. bxc4 b5 20. c5 Nd5 21.
Nxd5 exd5 22. a4 bxa4 23. Qa2 Re6 24. Rb4 f5 25. g3 Re4 26. Qxa4 Qf7 27. Qxa6
f4 28. gxf4 g5 29. f5 Qxf5 30. Qe2 Qh3 31. Kh1 Rh4 32. f3 Re8 33. Rd3 g4 34.
Qg2 gxf3 35. Qxh3 Rxh3 36. Bf2 Bh6 37. Rbb3 Rf8 38. Kg1 Bf4 39. Rxf3 Bxh2+ 40.
Kg2 Rhxf3 41. Rxf3 Rxf3 42. Kxf3 Kf7 43. Bg3 Bg1 44. Be5 Ke6 {Ke4 Kxe5+}
1/2-1/2

[Event "Lasker A 2018"]
[Site "?"]
[Date "2018.07.05"]
[Round "2.6"]
[White "Janik, Igor"]
[Black "Heberla, Bartlomiej"]
[Result "1-0"]
[WhiteElo "2420"]
[BlackElo "2563"]
[PlyCount "103"]
[EventDate "2018.??.??"]
[WhiteClock "0:02:21"]
[BlackClock "0:15:21"]

1. e4 e5 2. Nf3 Nc6 3. Bc4 Nf6 4. Ng5 d5 5. exd5 Nd4 6. c3 Nf5 7. Qe2 Nd6 8.
Bb3 Be7 9. d3 O-O 10. Ne4 a5 11. a4 c6 12. dxc6 Nfxe4 13. dxe4 bxc6 14. Bc2 f5
15. exf5 e4 16. Be3 Ba6 17. Qg4 Rb8 18. b3 Nxf5 19. Qxe4 Bf6 20. Qe6+ Kh8 21.
Bxf5 Bc8 22. Qxc6 Bxf5 23. O-O Rxb3 24. Rc1 Qd3 25. Qc5 Rfb8 26. Nd2 Rxc3 27.
Qxa5 Rcc8 28. Rxc8+ Rxc8 29. Re1 Bc3 30. Qb5 Qc2 31. Bd4 Bg6 32. Bxc3 Qxc3 33.
Nf3 h6 34. h3 Kh7 35. Qe5 Qb4 36. Ra1 Rc5 37. Qd4 Rc4 38. Qd2 Qb3 39. a5 Be4
40. a6 Bxf3 41. gxf3 Qxf3 42. Qe3 Qf6 43. Qd3+ Kh8 44. Qxc4 Qxa1+ 45. Kg2 Qa5
46. Qc8+ Kh7 47. Qc6 Qg5+ 48. Kh1 Qf5 49. Kg2 Qg5+ 50. Kf1 Qf5 51. a7 Qxh3+ 52.
Ke1 1-0

[Event "Lasker A 2018"]
[Site "?"]
[Date "2018.07.05"]
[Round "2.7"]
[White "Bilguun, Sumiya"]
[Black "Chyzy, Jakub"]
[Result "1-0"]
[WhiteElo "2490"]
[BlackElo "2100"]
[PlyCount "113"]
[EventDate "2018.??.??"]
[WhiteClock "0:01:08"]
[BlackClock "0:02:11"]

1. e4 e5 2. Nf3 Nc6 3. Bc4 Nf6 4. d3 Bc5 5. O-O O-O 6. a4 d6 7. c3 a5 8. h3 h6
9. Re1 Kh8 10. Bb3 Nh7 11. d4 exd4 12. cxd4 Ba7 13. Nc3 f5 14. e5 dxe5 15. dxe5
Qxd1 16. Rxd1 Re8 17. Nb5 Bb8 18. Bd2 Nf8 19. Bc3 Ne6 20. Nh4 Nc5 21. Bf7 Rd8
22. Ng6+ Kh7 23. Nf4 Rf8 24. e6 Ne7 25. Be5 Ra6 26. Bxc7 Bxc7 27. Nxc7 Rc6 28.
Ng6 Rxf7 29. exf7 Nxg6 30. Nb5 Rf6 31. Rac1 b6 32. Rd6 Rxd6 33. Nxd6 Be6 34.
Re1 Nf8 35. Re5 Kg6 36. g4 fxg4 37. hxg4 Ncd7 38. Re4 Bxf7 39. b4 Bd5 40. Rd4
Bc6 41. b5 Bf3 42. Nc8 Kg5 43. Rd6 Kxg4 44. Nxb6 Nxb6 45. Rxb6 Kf5 46. Ra6 Ke5
47. Rxa5 Kd6 48. Ra7 Ne6 49. a5 Nd8 50. Rxg7 h5 51. a6 Kc5 52. a7 Kb6 53. Rg8
Kc7 54. b6+ Kc8 55. Rg7 Ne6 56. Re7 Bd5 57. Rxe6 1-0

[Event "Lasker A 2018"]
[Site "?"]
[Date "2018.07.05"]
[Round "2.8"]
[White "Teclaf, Pawel"]
[Black "Tiarks, Jann-christian"]
[Result "1-0"]
[WhiteElo "2399"]
[BlackElo "2179"]
[PlyCount "36"]
[EventDate "2018.??.??"]

1. e4 c5 2. Nf3 e6 3. d4 cxd4 4. Nxd4 Nc6 5. Nc3 Qc7 6. g3 a6 7. Bg2 h6 8. h3
b5 9. O-O Bb7 10. Re1 d6 11. a4 b4 12. Nd5 exd5 13. Nxc6 Bxc6 14. exd5+ Ne7 15.
dxc6 O-O-O 16. Qd3 Nxc6 17. Qxa6+ Kd7 18. Qb5 g6 1-0

[Event "Lasker A 2018"]
[Site "?"]
[Date "2018.07.05"]
[Round "2.9"]
[White "Lukasiewicz, Anna"]
[Black "Woithe, Daniel"]
[Result "1-0"]
[WhiteElo "2086"]
[BlackElo "1882"]
[PlyCount "75"]
[EventDate "2018.??.??"]
[WhiteClock "0:16:37"]
[BlackClock "0:17:33"]

1. e4 e6 2. d4 d5 3. Nd2 c5 4. exd5 exd5 5. Ngf3 Nf6 6. Bb5+ Bd7 7. Bxd7+ Nbxd7
8. O-O Be7 9. dxc5 Nxc5 10. Nd4 O-O 11. N2f3 Re8 12. Nf5 Bf8 13. Bg5 Nce4 14.
Bxf6 Nxf6 15. c3 Qd7 16. N3d4 Re5 17. Qd3 Rae8 18. Rad1 Ne4 19. Qh3 Kh8 20. f4
R5e7 21. Nxe7 Qxh3 22. gxh3 Bxe7 23. Nf5 Bc5+ 24. Kg2 Rd8 25. Rfe1 Nf6 26. Kf3
g6 27. Nh6 Kg7 28. Ng4 Ne4 29. Ne3 Nf6 30. Rd3 Kf8 31. Red1 Bxe3 32. Rxe3 Re8
33. Re5 Re6 34. Rd4 Ke7 35. Rxe6+ fxe6 36. Ra4 a6 37. Rb4 b5 38. a4 1-0

[Event "Lasker A 2018"]
[Site "?"]
[Date "2018.07.05"]
[Round "2.10"]
[White "Pettersson, Alexander"]
[Black "Matthes, Aaron"]
[Result "1-0"]
[WhiteElo "2060"]
[BlackElo "1791"]
[PlyCount "60"]
[EventDate "2018.??.??"]
[WhiteClock "1:08:42"]
[BlackClock "0:34:14"]

1. d4 d5 2. c4 e6 3. Nc3 Nf6 4. cxd5 exd5 5. Bg5 Be7 6. e3 c6 7. Qc2 O-O 8. Bd3
Nbd7 9. Nge2 Re8 10. O-O Nf8 11. Rab1 a5 12. a3 Ne4 13. Bxe7 Qxe7 14. Bxe4 dxe4
15. Ng3 f5 16. b4 axb4 17. axb4 Rd8 18. Na4 Be6 19. Nc5 Ra2 20. Rb2 Rda8 21.
Nxf5 Qf6 22. Ng3 Qg6 23. Rxa2 Rxa2 24. Qxe4 Qxe4 25. Ngxe4 Rb2 26. Nxb7 Rxb4
27. Nbc5 Bd5 28. h3 Kf7 29. Ra1 h6 30. Nd3 Rb7 1-0

[Event "Lasker A 2018"]
[Site "?"]
[Date "2018.07.05"]
[Round "2.11"]
[White "Strassburg, Robin Leonard"]
[Black "Fantino, Rene"]
[Result "1/2-1/2"]
[WhiteElo "1726"]
[BlackElo "2018"]
[PlyCount "89"]
[EventDate "2018.??.??"]
[WhiteClock "0:05:26"]
[BlackClock "0:00:31"]

1. d4 Nf6 2. Bf4 e6 3. e3 d5 4. Nd2 c5 5. c3 Nc6 6. Be2 Bd6 7. Bg3 O-O 8. Ngf3
b6 9. O-O Bxg3 10. hxg3 Bb7 11. Bd3 Ng4 12. Nh2 Nxh2 13. Kxh2 f5 14. f4 Rf6 15.
Rh1 Rh6+ 16. Kg1 Rxh1+ 17. Kxh1 Qe7 18. Qe2 Rc8 19. Kg1 c4 20. Bc2 b5 21. g4 g6
22. a3 a5 23. gxf5 gxf5 24. Nf3 Nd8 25. Kf2 Bc6 26. Rg1 h5 27. Ng5 Be8 28. Qf3
Bg6 29. Bd1 Nf7 30. Nxf7 Qxf7 31. Qh3 b4 32. axb4 axb4 33. Rh1 Ra8 34. Qg3 Kf8
35. Qg5 bxc3 36. bxc3 Ra2+ 37. Kg3 Ra3 38. Kf2 Ra2+ 39. Kg3 Rd2 40. Bf3 Rc2 41.
Qd8+ Kg7 42. Qa5 Rb2 43. Ra1 Qb7 44. Qc5 Rb6 45. Rh1 1/2-1/2

[Event "Lasker A 2018"]
[Site "?"]
[Date "2018.07.05"]
[Round "2.12"]
[White "Sliwerski, Radoslaw"]
[Black "Matthes, Benjamin"]
[Result "1-0"]
[WhiteElo "2011"]
[BlackElo "1750"]
[PlyCount "92"]
[EventDate "2018.??.??"]
[WhiteClock "0:01:05"]
[BlackClock "0:48:03"]

1. d4 d5 2. c4 e6 3. Nc3 c5 4. cxd5 exd5 5. Nf3 Nc6 6. g3 Nf6 7. Bg2 cxd4 8.
Nxd4 Qb6 9. Nxc6 bxc6 10. O-O Be7 11. e4 dxe4 12. Nxe4 O-O 13. Be3 Qxb2 14. Bd4
Qb5 15. Nxf6+ Bxf6 16. Bxf6 gxf6 17. Rb1 Qc4 18. Qf3 Kg7 19. Qxc6 Qxc6 20. Bxc6
Bh3 21. Bxa8 Bxf1 22. Kxf1 Rxa8 23. a4 a5 24. Rb5 Kg6 25. g4 Ra6 26. h4 h6 27.
Kg2 Kg7 28. Kg3 Kg6 29. f3 Kg7 30. Kf4 Kg6 31. h5+ Kg7 32. Kf5 Ra8 33. Ke4 Ra6
34. Rf5 Kf8 35. Kd4 Ke7 36. Kc4 Ke6 37. Kb5 Ra8 38. Kb6 Ke7 39. Rc5 Ke6 40. f4
Rd8 41. Kxa5 Rd4 42. Rf5 Rd5+ 43. Rxd5 Kxd5 44. g5 fxg5 45. fxg5 Ke6 46. gxh6
Kd5 1-0

[Event "Lasker A 2018"]
[Site "?"]
[Date "2018.07.05"]
[Round "3.1"]
[White "Lagunow, Raphael"]
[Black "Koziak, Vitali"]
[Result "0-1"]
[WhiteElo "2411"]
[BlackElo "2473"]
[PlyCount "76"]
[EventDate "2018.??.??"]
[WhiteClock "0:09:51"]
[BlackClock "0:01:42"]

1. Nf3 f5 2. d4 Nf6 3. g3 g6 4. Bg2 Bg7 5. c4 O-O 6. O-O d6 7. Nc3 Qe8 8. b3 e5
9. dxe5 dxe5 10. e4 Nc6 11. Re1 fxe4 12. Nxe4 Nxe4 13. Qd5+ Rf7 14. Rxe4 Bf5
15. Ng5 Rd8 16. Qxf7+ Qxf7 17. Nxf7 Rd1+ 18. Bf1 Bxe4 19. Ng5 Rxf1+ 20. Kxf1
Bd3+ 21. Kg2 e4 22. Bb2 Bxb2 23. Rd1 Nd4 24. Nh3 Bc2 25. Rf1 Kg7 26. Nf4 c6 27.
h4 Kf6 28. Nh3 a5 29. g4 Bd3 30. Re1 Nf3 31. Rd1 Nxh4+ 32. Kg3 Nf3 33. Ng1 Be5+
34. Kg2 Nxg1 35. Rxg1 Be2 36. Kh3 Kg5 37. a3 c5 38. a4 Bf4 0-1

[Event "Lasker A 2018"]
[Site "?"]
[Date "2018.07.05"]
[Round "3.2"]
[White "Bilguun, Sumiya"]
[Black "Lukasiewicz, Krzysztof"]
[Result "1/2-1/2"]
[WhiteElo "2490"]
[BlackElo "2247"]
[PlyCount "86"]
[EventDate "2018.??.??"]
[WhiteClock "0:00:40"]
[BlackClock "0:04:43"]

1. e4 c6 2. d4 d5 3. Nc3 dxe4 4. Nxe4 Bf5 5. Ng3 Bg6 6. h4 h6 7. Nf3 e6 8. h5
Bh7 9. Bf4 Nf6 10. Bd3 Bxd3 11. Qxd3 Bb4+ 12. c3 Bd6 13. Bxd6 Qxd6 14. O-O-O
Nbd7 15. Kb1 O-O 16. Ne4 Nxe4 17. Qxe4 Qd5 18. Qc2 Nf6 19. Rde1 Rfd8 20. Ne5 c5
21. dxc5 Qxc5 22. g4 Rd5 23. f4 Rad8 24. g5 Rd2 25. Qb3 Ng4 26. g6 Nxe5 27.
Rxe5 Qc6 28. Rhe1 R8d5 29. a3 Rxe5 30. Rxe5 Rd5 31. Qb4 fxg6 32. hxg6 Rxe5 33.
fxe5 Qg2 34. Ka2 h5 35. c4 b6 36. c5 Qd5+ 37. Ka1 Qd1+ 38. Ka2 Qd5+ 39. Ka1
Qxc5 40. Qe4 Qd5 41. Qf4 Qd1+ 42. Ka2 Qd5+ 43. Ka1 Qd1+ 1/2-1/2